Chile país puerto del cono sur
Gardado en:
| Autor Corporativo: | |
|---|---|
| Formato: | Libro |
| Idioma: | Lingua castelá |
| Publicado: |
Santiago
MIDEPLAN
1996
|
| Subjects: | |
| Tags: |
Engadir etiqueta
Sen Etiquetas, Sexa o primeiro en etiquetar este rexistro!
|
MARC
| LEADER | 00000nam a2200000 a 4500 | ||
|---|---|---|---|
| 001 | UCT1256 | ||
| 003 | CL-VaPUC | ||
| 008 | 960927e19960000CL |||||||||||||||||spa|d | ||
| 082 | 0 | 4 | |a 551.46 |b MID |2 21 |
| 110 | 2 | |a MIDEPLAN |e author |9 370034 | |
| 245 | 1 | 0 | |a Chile país puerto del cono sur |
| 300 | |a 167 p | ||
| 942 | |c BK | ||
| 945 | |d 19960927 00:00:00 |a nastorga | ||
| 260 | |a Santiago |b MIDEPLAN |c 1996 | ||
| 650 | 7 | |a OCEANOPOLITICA |2 CL-VaPUC |9 370035 | |
| 650 | 0 | |a Derecho del mar |9 257927 | |
| 650 | 7 | |a POLITICA DE DESARROLLO |2 CL-VaPUC |9 335853 | |
| 650 | 0 | |a Puertos |9 260105 | |
| 650 | 0 | |a Puertos |x Administración |9 370036 | |
| 650 | 0 | |a Economía |9 255568 | |
| 650 | 0 | |a Política exterior |9 316628 | |
| 651 | 7 | |a OCEANO PACIFICO |2 CL-VaPUC |9 262019 | |
| 651 | 7 | |a CHILE |2 CL-VaPUC |9 370037 | |
| 583 | |a last modification |c 19960927 00:00:00 |k Rodrigo Vera | ||
| 999 | |c 251826 |d 251824 | ||
| 952 | |0 0 |1 0 |4 0 |6 551_460000000000000_MID_1996 |7 0 |8 A |9 271270 |a BIBENE |b BIBENE |d 2019-11-19 |i 3233030 |o 551.46 MID 1996 |p 3233030 |r 2025-01-15 |w 2019-11-19 |y BK |k ICO | ||
| 952 | |0 0 |1 0 |4 0 |6 551_460000000000000_MID_1996 |7 0 |8 P |9 271271 |a BIBDER |b BIBDER |d 2019-11-19 |i 3233049 |o 551.46 MID 1996 |p 3233049 |r 2023-01-25 |w 2019-11-19 |y BK |k DER | ||